Estudio sobre la crisis de los años treinta en El Salvador /
El documento presenta un análisis del sistema socio-económico salvadoreño, tomando en consideración las condiciones de extrema vulnerabilidad de El Salvador y las consecuencias de la crisis de los años treinta.
Guardat en:
| Autor principal: | |
|---|---|
| Format: | Text |
| Idioma: | Spanish |
| Publicat: |
San Salvador :
Universidad de El Salvador
1977
|
| Matèries: | |
| Etiquetes: |
Afegir etiqueta
Sense etiquetes, Sigues el primer a etiquetar aquest registre!
|
MARC
| LEADER | 00000 a a2200000 04500 | ||
|---|---|---|---|
| 001 | 17134 | ||
| 003 | cru CIDCACS/IIS | ||
| 005 | 20230517094339.0 | ||
| 008 | 190422b1977 es ||||| |||| 00| 0 spa d | ||
| 020 | |a [sin ISBN] | ||
| 022 | |a [sin ISBN] | ||
| 040 | |c cru CIDCACS/IIS | ||
| 090 | |a 03.02.04 M361e | ||
| 100 | |a Marroquín, ALejandro D. | ||
| 245 | |a Estudio sobre la crisis de los años treinta en El Salvador / |c Alejandro D. Marroquín | ||
| 260 | |a San Salvador : |b Universidad de El Salvador |c 1977 | ||
| 300 | |a 97 páginas | ||
| 500 | |a También EN: Anuario de Estudios Centroamericanos, n° 3, 1977 pp. 115-160. N° acceso: 048306 | ||
| 520 | 3 | |a El documento presenta un análisis del sistema socio-económico salvadoreño, tomando en consideración las condiciones de extrema vulnerabilidad de El Salvador y las consecuencias de la crisis de los años treinta. | |
| 650 | 0 | 0 | |9 6343 |a CRISIS ECONOMICA |
| 650 | 0 | 0 | |9 1394 |a SISTEMAS ECONOMICOS |
| 650 | 0 | 0 | |9 2520 |a CRISIS |
| 651 | 4 | |9 1928 |a EL SALVADOR | |
| 942 | |2 ddc |c LI |h 03.02.04 M361e |i 17023 |6 030204_M361E_17023 | ||
| 999 | |c 15470 |d 15470 | ||
